00369nam a2200133Ia 450000500170000000800410001702000150005808200130007310000140008624500470010026000410014730000120018850000350020020250516023421.0240331s9999 xx 000 0 und d a9552102634 a291bPER aPerera, P 0aAagamai minisage diunuwai mata penena hati aNugegodabM. D. gunasena Booksc1988 a77 p ., aReligion and Human Development